| LEADER 01174nam 2200277 a 4500 |
| 001 12334105838 |
| 003 ULIB |
| 008 030417s2550 th a sb 001 0 tha |
| 020 ^a978-974-7555-39-4
|
| 060 4 ^aWB115^bต367 2550
|
| 100 0 ^aสมชาย เอื้อรัตนวงศ์
|
| 245 10 ^aตำราอายุรศาสตร์ :^bการดูแลผู้ป่วยทางอายุรกรรม =Case approach in internal medicine /^c สมชาย เอื้อรัตนวงศ์
|
| 250 ^aพิมพ์ครั้งที่ 1
|
| 260 ^aกรุงเทพฯ :^bวิทยาลัยแพทยศาสตร์กรุงเทพมหานครและวชิรพยาบาล, ^c2550
|
| 300 ^a486 หน้า :^bภาพประกอบ
|
| 650 7 ^aอายุรศาสตร์
|
| 650 7 ^aการดูแลผู้ป่วยทางอายุรกรรม
|
| 650 7 ^aผู้ป่วย^xการรักษาด้วยยา
|
| 650 7 ^aผู้ป่วย^xการดูแล
|
| 700 0 ^aสมชาย เอื้อรัตนวงศ์,^eบรรณาธิการ
|
| 700 0 ^aสาธิต คูระทอง,^eบรรณาธิการ
|
| 710 2 ^aวิทยาลัยแพทยศาสตร์กรุงเทพมหานครและวชิรพยาบาล
|
| 913 ^aImported by ULIBM Administrator
|
| 949 ^aImport form external file by ULIBM system
|
| 999 ^aอรทัย
|